[Event "Roland vs Olsoy Match"]
[Site "Boise, ID"]
[Date "2012.07.09"]
[Round "1"]
[White "Olsoy, Peter John"]
[Black "Roland, Jeffrey T"]
[Result "1-0"]
[WhiteElo "1698"]
[BlackElo "1700"]

{Notes by Roland.} 1. d4 d5 2. c4 e6 3. Nc3 Nf6 4. Bg5 Be7 5. e3 h6 6. Bh4 O-O
7. Nf3 b6 8. cxd5 exd5 9. Bd3 Be6 10. O-O Nbd7 11. Rc1 c5 12. dxc5 bxc5 13. b3
Nb6 14. Ne5 a6 15. Nc6 Qc7 16. Nxe7+ Qxe7 17. Qf3 $2 {Immediately after the
game, Peter and I both agreed that this was a blunder and it should have cost
White the game.} g5 $1 18. Qg3 {Of course if 18.Bg3, then 18...Bg4 traps the
Queen. This move is White's only hope, and I'm still convinced Black is
winning even now.} Ng4 $1 {I haven't checked with a computer, but this move
seems like a winner to me.} 19. Bxg5 Qxg5 20. f4 $1 Qg7 {This is forced, but
it should still be enough to win.} 21. f5 $1 {A good move, after which I got
confused and threw away the win!} Nxe3 $2 {I was still not adjusting to the
new set of circumstances. I was completely oblvious to the situation. I saw
the ...d4 fork and by golly, I was going to play it! But if I simply had gone
21...Ne5!, I would have won, or even 21... Bd7, both moves and Peter said he
would have resigned. Now, not only do I throw my piece back, but with a worse
position!} 22. Qxe3 d4 23. Qe2 dxc3 24. fxe6 {It is only now that I realize
that I am actually losing. I took longer on this next move than any other of
the game, but it is really hopeless. Black fights on galiantly, but White
plays strong moves and avoids making any serious mistakes.} Kh8 25. Rxf7 Rxf7
26. exf7 Qxf7 27. Qe5+ Qg7 28. Qxc5 Nd7 29. Qxc3 Ne5 30. Bxa6 Qa7+ 31. Kh1 Re8
32. Bb5 Re7 33. a4 Kh7 34. Re1 Qc7 35. Qxc7 Rxc7 36. h3 Nf7 37. Rd1 {And this
is a good place to resign. White has everything under control and a win is an
easy matter. What an exciting game to start the match, though. I am hopeful
that we will have games this exciting throughout the match.} {#r} 1-0

[Event "Roland vs Olsoy Match"]
[Site "Boise, ID"]
[Date "2012.07.11"]
[Round "2"]
[White "Roland, Jeffrey T"]
[Black "Olsoy, Peter John"]
[Result "0-1"]
[WhiteElo "1700"]
[BlackElo "1698"]

{Notes are Houdini analysis done by Peter Olsoy on his computer.} 1. d4 Nf6 2.
c4 e6 3. Nc3 Bb4 4. e3 d5 5. a3 Bxc3+ 6. bxc3 O-O 7. Nf3 b6 8. cxd5 exd5 9.
Ne5 Re8 10. Bd3 c5 11. O-O Ba6 12. Bxa6 Nxa6 13. f3 Nc7 14. Qc2 Ne6 15. Bd2
Qc7 16. Rac1 Rac8 17. Qf5 Qd6 18. Be1 cxd4 19. Bg3 (19. Bh4 Rxc3 20. Rxc3 dxc3
21. Bxf6 gxf6 22. Ng4) 19... Qxa3 20. Ra1 (20. Bh4) 20... Qxc3 21. Rxa7 dxe3
22. Nxf7 Nd4 (22... e2 23. Re1 Qd4+) 23. Qg5 Ne2+ 24. Kh1 Nxg3+ 25. hxg3 (25.
Qxg3 g6 26. Nh6+ Kh8 27. Nf7+) 25... Rc7 26. Nh6+ Kf8 27. Rxc7 Qxc7 28. Kh2
(28. Nf5) 28... e2 29. Re1 Re5 30. Qf4 (30. Nf5) 30... Rh5+ {White Resigns}
{#R} 0-1

[Event "Roland vs Olsoy Match"]
[Site "Boise, ID"]
[Date "2012.07.13"]
[Round "3"]
[White "Olsoy, Peter John"]
[Black "Roland, Jeffrey T"]
[Result "1/2-1/2"]
[WhiteElo "1698"]
[BlackElo "1700"]

1. d4 Nf6 2. c4 g6 3. Nc3 d5 4. cxd5 Nxd5 5. e4 Nxc3 6. bxc3 Bg7 7. Nf3 O-O 8.
Bc4 c5 9. h3 Nc6 10. Bb2 cxd4 11. cxd4 Qa5+ 12. Kf1 Rd8 13. Qb3 e6 14. Rd1 Qc7
15. Be2 Qf4 16. e5 Qe4 17. Ng5 Qd5 18. Qxd5 exd5 19. h4 f6 20. Nf3 Bg4 21.
exf6 Bxf6 22. Ne5 Bxe2+ {Black offers a draw.} 23. Kxe2 Re8 24. f4 Rac8 25. a3
Na5 26. Rc1 Nc4 27. Rc2 Nxe5 28. Rxc8 Rxc8 29. dxe5 Rc2+ 30. Kd3 Rxb2 31. exf6
Rxg2 32. Re1 Rg3+ 33. Kd4 Kf7 34. Re7+ Kxf6 35. Rxb7 Rxa3 36. Rxh7 Ra4+ 37.
Kxd5 a5 38. h5 {White offers a draw.} {#d} 1/2-1/2

[Event "Roland vs Olsoy Match"]
[Site "Boise, ID"]
[Date "2012.07.16"]
[Round "4"]
[White "Roland, Jeffrey T"]
[Black "Olsoy, Peter John"]
[Result "1-0"]
[WhiteElo "1700"]
[BlackElo "1698"]

1. e4 c5 2. Nf3 Nc6 3. d4 cxd4 4. Nxd4 Nf6 5. Nc3 a6 6. Be2 d6 7. Bg5 e6 8.
Qd2 Be7 9. O-O-O O-O 10. f4 Qc7 11. Kb1 b5 12. Nxc6 Qxc6 13. e5 b4 14. Bf3 d5
15. Nxd5 exd5 16. exf6 gxf6 17. Bxd5 Qc7 18. Bxa8 fxg5 19. Be4 Be6 20. fxg5
Qa5 21. a3 Bxg5 22. Qxb4 Qe5 23. Rhe1 Qc7 24. Qd6 Qc4 25. Bd5 Bxd5 26. Rxd5
Bh4 27. Rd4 Qxd4 28. Qxd4 Bxe1 29. Qg4+ Kh8 30. Qe4 Bf2 31. Qf4 Bg1 32. Qf6+
Kg8 33. h4 Re8 34. h5 Re6 35. Qg5+ Kf8 36. h6 Be3 37. Qd8+ Re8 38. Qf6 Re6 39.
Qd8+ Re8 40. Qd6+ Re7 41. Qxa6 Re6 42. Qc8+ Re8 43. Qf5 Re6 44. Qxh7 Rxh6 45.
Qf5 Rb6 46. b4 Re6 47. Qd5 Bb6 48. c4 Ke7 49. c5 Bc7 50. b5 Re1+ 51. Kc2 Ra1
52. Qb7 Kd8 53. b6 {#r} 1-0

[Event "Roland vs Olsoy Match"]
[Site "Boise, ID"]
[Date "2012.07.18"]
[Round "5"]
[White "Olsoy, Peter John"]
[Black "Roland, Jeffrey T"]
[Result "0-1"]
[WhiteElo "1698"]
[BlackElo "1700"]

1. d4 Nf6 2. c4 e6 3. Nf3 d5 4. Bg5 Be7 5. e3 h6 6. Bxf6 Bxf6 7. Nc3 O-O 8.
Be2 dxc4 9. Bxc4 c5 10. Ne4 cxd4 11. Nxf6+ Qxf6 12. Nxd4 Rd8 13. Qb3 e5 14.
Nf3 Nc6 15. Qc3 Bg4 16. Nd2 Rac8 17. Ne4 Qe7 18. O-O b5 19. Bxb5 Nd4 20. Qa5
Nxb5 21. Qxb5 Rb8 22. Qa4 Be2 23. Rfc1 Rb4 24. Qc6 Rxb2 25. Rc2 {White offers
a draw.} Qb4 26. Qc3 Rb1+ 27. Rc1 Rxa1 28. Rxa1 Qxe4 29. Qa5 Qd5 {#R} 0-1

[Event "Roland vs Olsoy Match"]
[Site "Boise, ID"]
[Date "2012.07.20"]
[Round "6"]
[White "Roland, Jeffrey T"]
[Black "Olsoy, Peter John"]
[Result "1/2-1/2"]
[WhiteElo "1700"]
[BlackElo "1698"]

1. d4 Nf6 2. c4 e6 3. Nf3 d5 4. Nc3 Bb4 5. e3 O-O 6. Bd2 b6 7. cxd5 exd5 8.
Rc1 Bg4 9. Be2 Nbd7 10. O-O Bxc3 11. bxc3 c5 12. Ne5 Bxe2 13. Qxe2 Nxe5 14.
dxe5 Ne4 15. f3 {White offers a draw.} {#d} 1/2-1/2

[Event "Roland vs Olsoy Match"]
[Site "Boise, ID"]
[Date "2012.07.22"]
[Round "7"]
[White "Olsoy, Peter John"]
[Black "Roland, Jeffrey T"]
[Result "1/2-1/2"]
[WhiteElo "1698"]
[BlackElo "1700"]

1. d4 Nf6 2. c4 g6 3. Nc3 d5 4. e3 c6 5. Nf3 Bg7 6. cxd5 Nxd5 7. Bc4 O-O 8.
O-O Bg4 9. h3 Bxf3 10. Qxf3 e6 11. Bd2 Nd7 12. a3 Qf6 13. Qxf6 N7xf6 14. Rac1
Nxc3 15. Bxc3 Nd5 16. e4 Nxc3 17. bxc3 Rfd8 18. Rfd1 Bh6 19. Rb1 b5 20. Be2
Bf8 21. c4 Bxa3 22. cxb5 cxb5 23. Rxb5 a5 24. Ra1 Bb4 25. d5 exd5 26. Rxd5
Rxd5 {Black offers a draw.} {#d} 1/2-1/2

[Event "Roland vs Olsoy Match"]
[Site "Boise, ID"]
[Date "2012.07.23"]
[Round "8"]
[White "Roland, Jeffrey T"]
[Black "Olsoy, Peter John"]
[Result "1/2-1/2"]
[WhiteElo "1700"]
[BlackElo "1698"]

1. e4 c5 2. Nf3 Nc6 3. d4 cxd4 4. Nxd4 Nf6 5. Nc3 a6 6. Bc4 g6 7. Be3 Bg7 8.
Qd2 O-O 9. O-O-O d6 10. f3 Bd7 11. Bb3 Ne5 12. h4 b5 13. Bh6 Nc4 14. Bxc4 bxc4
15. Bxg7 Kxg7 16. h5 Rh8 17. h6+ Kf8 18. g4 Qb6 19. g5 Ne8 20. Nd5 Qb7 21. Qc3
e5 22. Ne2 Be6 23. f4 Bxd5 24. exd5 Qe7 25. Ng3 f6 26. Rhf1 f5 27. Qxc4 Nc7
28. Kb1 e4 29. Rfe1 Kf7 30. Re3 Rhc8 31. Nxe4 fxe4 32. Rxe4 Qd7 33. Qd4 Kg8
34. Rde1 Re8 35. Qf6 Rxe4 36. Rxe4 Re8 37. Rxe8+ Nxe8 38. Qd4 Qh3 39. c4 Qf5+
40. Kc1 Qf7 41. Kc2 Nc7 42. Qa7 Qf5+ 43. Kb3 Qd3+ 44. Kb4 Qd2+ 45. Kb3 Qd3+
46. Kb4 Qd2+ 47. Kb3 Qd3+ {3-fold repetition.} {#d} 1/2-1/2

[Event "Roland vs Olsoy Match"]
[Site "Boise, ID"]
[Date "2012.07.25"]
[Round "9"]
[White "Olsoy, Peter John"]
[Black "Roland, Jeffrey T"]
[Result "1/2-1/2"]
[WhiteElo "1698"]
[BlackElo "1700"]

1. d4 Nf6 2. c4 e6 3. Nc3 d5 4. Nf3 Be7 5. e3 O-O 6. Bd2 Nbd7 7. cxd5 exd5 8.
Bd3 c6 9. O-O Re8 10. Rc1 Nf8 11. h3 Bd6 12. a3 Ne4 13. Bb1 Qf6 14. Nh2 Bf5
15. Nxe4 Bxh2+ 16. Kxh2 Bxe4 17. Bxe4 Rxe4 18. f3 Re6 19. Qa4 Nd7 20. e4 Nb6
21. Qb4 Qe7 22. Qxe7 Rxe7 23. e5 Nc4 24. Rc2 Nxd2 {Black offers a draw.} {#d}
1/2-1/2

[Event "Roland vs Olsoy Match"]
[Site "Boise, ID"]
[Date "2012.07.27"]
[Round "10"]
[White "Roland, Jeffrey T"]
[Black "Olsoy, Peter John"]
[Result "0-1"]
[WhiteElo "1700"]
[BlackElo "1698"]

1. e4 c5 2. Nf3 d6 3. d4 cxd4 4. Nxd4 Nf6 5. Nc3 g6 6. Bc4 Bg7 7. Be3 O-O 8.
f3 Nc6 9. Qd2 Na5 10. Bb3 Nxb3 11. Nxb3 Be6 12. O-O Re8 13. Rfd1 a6 14. Qf2
Qc7 15. Bb6 Qc8 16. Rd2 Nd7 17. Bd4 Ne5 18. Bxe5 Bxe5 19. Na4 Qc6 20. Nb6 Rad8
21. c3 Bf4 22. Rdd1 Bxb3 23. axb3 e6 24. g3 Bh6 25. Kg2 d5 26. exd5 exd5 27.
Re1 Rxe1 28. Rxe1 d4 29. Nc4 dxc3 30. bxc3 b5 31. Ne5 Qxc3 32. Ng4 Bg7 33. Re3
Qb4 34. Qe1 Qxe1 35. Rxe1 Rd2+ 36. Kh3 f5 {#R} 0-1

[Event "Roland vs Olsoy Match"]
[Site "Boise, ID"]
[Date "2012.07.30"]
[Round "11"]
[White "Olsoy, Peter John"]
[Black "Roland, Jeffrey T"]
[Result "1/2-1/2"]
[WhiteElo "1698"]
[BlackElo "1700"]

1. c4 Nf6 2. Nf3 e6 3. g3 d5 4. cxd5 exd5 5. Bg2 c6 6. O-O Bf5 7. Qb3 Qb6 8.
Qc3 Nbd7 9. d3 Bb4 10. Qd4 Qxd4 11. Nxd4 Bg6 12. Bd2 Bxd2 {#d} 1/2-1/2

[Event "Roland vs Olsoy Match"]
[Site "Boise, ID"]
[Date "2012.08.01"]
[Round "12"]
[White "Roland, Jeffrey T"]
[Black "Olsoy, Peter John"]
[Result "0-1"]
[WhiteElo "1700"]
[BlackElo "1698"]

1. d4 Nf6 2. Bg5 e6 3. Bxf6 Qxf6 4. Nf3 d5 5. e3 c5 6. Bb5+ Bd7 7. Bxd7+ Nxd7
8. O-O Bd6 9. c3 O-O 10. Nbd2 Qh6 11. e4 cxd4 12. cxd4 dxe4 13. Nxe4 Bc7 14.
g3 f5 15. Nc5 Nxc5 16. dxc5 Rad8 17. Qb3 b6 18. Rfe1 Rf6 19. Rac1 bxc5 20.
Rxc5 Bb6 21. Rxf5 Rdf8 22. g4 Qh3 23. Qc4 Rxf5 24. Rxe6 Bxf2+ {#R} 0-1

[Event "MH Summer Tourny"]
[Site "Mountain Home, ID"]
[Date "2012.07.28"]
[Round "1.2"]
[White "Westcott, Thomas F"]
[Black "Roland, Jeffrey T"]
[Result "0-1"]
[WhiteElo "1013"]
[BlackElo "1656"]

1. e4 e5 2. d3 d5 3. Nc3 d4 4. Nd5 c6 5. Bd2 cxd5 6. Qh5 Nc6 7. Nf3 Nf6 8. Qh4
Be7 9. Ng5 dxe4 10. dxe4 Nxe4 11. Qxe4 Bxg5 12. Bc4 Bxd2+ 13. Kxd2 Qg5+ 14. f4
Qf6 15. Rhf1 Bf5 16. Qd5 Be6 17. Qb5 O-O 18. Qxb7 Bxc4 19. Rf3 e4 20. Rff1 e3+
21. Ke1 Qh4+ 22. g3 Qxh2 23. Qxc6 Qe2# 0-1

[Event "MH Summer Tourny"]
[Site "Mountain Home, ID"]
[Date "2012.07.28"]
[Round "2.2"]
[White "Roland, Jeffrey T"]
[Black "Gorman, Cody Austin"]
[Result "1/2-1/2"]
[WhiteElo "1656"]
[BlackElo "1290"]

1. e4 b6 2. d4 Bb7 3. Bd3 e6 4. Nf3 Nf6 5. Bg5 Be7 6. O-O d6 7. Nc3 O-O 8. Qe2
Nbd7 9. Rad1 c5 10. e5 Nd5 11. Bxe7 Nxc3 12. Bxd8 Nxe2+ 13. Bxe2 Raxd8 14.
exd6 Nf6 15. dxc5 bxc5 16. Ne5 Ne4 17. Nc4 Bd5 18. f3 Bxc4 19. Bxc4 Nxd6 20.
Ba6 Nf5 21. Rd3 Rd6 22. Rxd6 Nxd6 23. Rd1 Rd8 24. Rd3 h6 25. Rc3 Rb8 26. Rxc5
Rxb2 27. Bd3 Rb7 28. Rc6 Rb6 29. Rc7 Rb7 30. Rc6 Rb6 31. Rxb6 axb6 32. a4 Nb7
33. Kf2 Nc5 34. Bb5 Kf8 35. Ke3 {#d} 1/2-1/2

[Event "MH Summer Tourny"]
[Site "Mountain Home, ID"]
[Date "2012.07.28"]
[Round "3.2"]
[White "Blankenship, James H"]
[Black "Roland, Jeffrey T"]
[Result "0-1"]
[WhiteElo "1587"]
[BlackElo "1656"]

1. d4 Nf6 2. c4 e6 3. Nf3 b6 4. Nc3 Be7 5. e4 Bb7 6. e5 Ne4 7. d5 Nxc3 8. bxc3
d6 9. Be2 O-O 10. O-O dxe5 11. dxe6 fxe6 12. Nxe5 Bd6 13. f4 Bc5+ 14. Kh1 Qe7
15. Nd3 Rd8 16. Qb3 Rxd3 17. Bxd3 Qh4 18. Qc2 Nd7 19. Be4 Bxe4 20. Qxe4 Re8
21. Bd2 Nf6 22. Qe1 Qh5 23. g3 Ng4 24. h4 e5 25. fxe5 Rxe5 26. Qb1 Re2 27.
Rf8+ Kxf8 28. Qf1+ Rf2 29. Qxf2+ Nxf2+ 30. Kg2 Kg8 31. Bf4 Qg4 32. Bxc7 Qe4+
33. Kf1 Qh1+ {#R} 0-1

[Event "MH Summer Tourny"]
[Site "Mountain Home, ID"]
[Date "2012.07.28"]
[Round "4.1"]
[White "Roland, Jeffrey T"]
[Black "Stewart, Timothy"]
[Result "0-1"]
[WhiteElo "1656"]
[BlackElo "1831"]

1. d4 d5 2. c4 dxc4 3. Nf3 Nf6 4. Nc3 e6 5. e3 Bb4 6. Bxc4 O-O 7. O-O b6 8. a3
Bxc3 9. bxc3 Bb7 10. Bd3 Nbd7 11. Qc2 c5 12. Ne5 Nxe5 13. dxe5 Qd5 14. f4 Ne4
15. c4 Qc6 16. f5 Rad8 17. Rf3 exf5 18. Bxe4 Qxe4 19. Qf2 Rd1+ {#R} 0-1

[Event "WRW Progressive"]
[Site "Hailey, ID"]
[Date "2012.10.08"]
[Round "1.4"]
[White "Simonson, Jay L"]
[Black "Roland, Jeffrey T"]
[Result "0-1"]
[WhiteElo "627"]
[BlackElo "1716"]

{Game/30;d5} 1. e4 e5 2. Nf3 Nc6 3. Bc4 Nf6 4. Nc3 Bc5 5. O-O O-O 6. d3 h6 7.
a3 d6 8. h3 Be6 9. Bxe6 fxe6 10. Qe2 Nh5 11. Bd2 Ng3 12. Qe1 a6 13. Be3 Bxe3
14. Qxe3 Nxf1 15. Kxf1 Qf6 16. Rd1 Rf7 17. Ne2 Raf8 18. Neg1 Nd4 19. c3 Nxf3
20. Nxf3 Qf4 21. Qe2 g5 22. d4 h5 23. g3 Qxf3 24. Qxf3 Rxf3 25. Rd2 Rxg3 26.
h4 gxh4 27. dxe5 h3 28. exd6 h2 29. Ke2 Rg1 30. dxc7 h1=Q 31. Rd8 Qxe4+ 32.
Kd2 Qf4+ {#R} 0-1

[Event "WRW Progressive"]
[Site "Hailey, ID"]
[Date "2012.10.06"]
[Round "2.2"]
[White "Roland, Jeffrey T"]
[Black "Sawyer, David L"]
[Result "0-1"]
[WhiteElo "1716"]
[BlackElo "1925"]

{Game/45;d5} 1. d4 Nf6 2. Nf3 c5 3. g3 cxd4 4. Bg2 e5 5. O-O Nc6 6. c3 dxc3 7.
Nxc3 Be7 8. Bg5 O-O 9. Qd2 h6 10. Bh4 g5 11. Nxg5 hxg5 12. Qxg5+ Kh8 13. Qh6+
Nh7 14. Nd5 Bxh4 15. gxh4 Nd4 {#R} 0-1

[Event "WRW Progressive"]
[Site "Hailey, ID"]
[Date "2012.10.06"]
[Round "3.2"]
[White "Kircher, Caleb Paul"]
[Black "Roland, Jeffrey T"]
[Result "1-0"]
[WhiteElo "1816"]
[BlackElo "1716"]

{Game/60;d5} 1. f4 Nf6 2. b3 g6 3. Bb2 Bg7 4. Nf3 O-O 5. e3 d5 6. Be2 c5 7.
O-O Nc6 8. Bb5 a6 9. Bxc6 bxc6 10. Ne5 Qc7 11. Qc1 Nd7 12. Nxd7 Bxd7 13. Bxg7
Kxg7 14. d3 e5 15. Nd2 Rae8 16. Qb2 f6 17. fxe5 Rxe5 18. e4 Kg8 19. Rae1 d4
20. Nc4 Rh5 21. g3 Be6 22. Rf2 f5 23. Ref1 Bxc4 24. dxc4 Qe5 25. exf5 Qe3 26.
Qc1 Qxc1 27. Rxc1 Rhxf5 28. Rcf1 Rxf2 29. Rxf2 Re8 30. Kf1 Re6 31. Re2 Rf6+
32. Ke1 Kf7 33. Rf2 Rxf2 34. Kxf2 Kf6 35. Kf3 Ke5 36. Ke2 Ke4 37. h3 h6 38. h4
h5 39. a3 a5 40. a4 Ke5 41. Kd3 Kf5 42. Ke2 Ke4 43. Kf2 d3 44. c3 d2 45. Ke2
d1=Q+ 46. Kxd1 Kf3 47. b4 {#r} 1-0

[Event "National Chess Day"]
[Site "Boise, ID"]
[Date "2012.10.13"]
[Round "1.1"]
[White "Roland, Jeffrey T"]
[Black "Knoll, Lucas"]
[Result "1-0"]
[WhiteElo "1716"]
[BlackElo "922"]

1. e4 e5 2. Nf3 Nc6 3. Bb5 a6 4. Ba4 b5 5. Bb3 Nf6 6. O-O Bc5 7. c3 Nxe4 8. d4
Bd6 9. dxe5 Nxe5 10. Nxe5 Bxe5 11. Qd5 O-O 12. Qxe4 Re8 13. Qxa8 d6 14. f4 Bf6
15. Qf3 Be6 16. Re1 Bxb3 17. Rxe8+ Qxe8 18. axb3 h5 19. Rxa6 Qe1+ 20. Qf1 Qe4
21. Bd2 Qb7 22. Ra1 Qe4 23. Qe1 Qc6 24. Be3 b4 25. Bd4 Bxd4+ 26. cxd4 Qc2 27.
Nd2 Qxb2 28. Ra8+ Kh7 29. Qb1+ Qxb1+ 30. Nxb1 Kg6 31. Rc8 Kf5 32. Rxc7 Kxf4
33. Rxf7+ Ke4 34. Rxg7 Kxd4 35. Rh7 Kd3 36. Rxh5 Kc2 37. Kf2 Kxb1 38. Ke2 Kc2
39. Rh3 d5 40. g4 d4 41. g5 d3+ 42. Rxd3 {#r} 1-0

[Event "National Chess Day"]
[Site "Boise, ID"]
[Date "2012.10.13"]
[Round "4.1"]
[White "Roland, Jeffrey T"]
[Black "Gorman, Cody Austin"]
[Result "1/2-1/2"]
[WhiteElo "1716"]
[BlackElo "1635"]

1. d4 b6 2. e4 e6 3. c4 Bb7 4. Bd3 f5 5. d5 Bb4+ 6. Bd2 Qe7 7. Qe2 fxe4 8.
Bxe4 exd5 9. Bxd5 Bxd2+ 10. Nxd2 Bxd5 11. cxd5 Nf6 12. O-O-O Qxe2 13. Nxe2
Nxd5 14. Rhe1 O-O 15. Ne4 Nf6 16. Nxf6+ Rxf6 17. f3 d6 18. Ng3 Nc6 19. Kd2 Rh6
20. Rc1 d5 21. Nf5 Rf6 22. Rxc6 Rxf5 23. Rxc7 Rf7 24. Ree7 Rxe7 25. Rxe7 Kf8
26. Rd7 a5 27. Kd3 Rc8 28. Rxd5 Ke7 29. Kd2 Ke6 30. Rd3 Rc5 31. Rc3 Rd5+ 32.
Rd3 Rc5 33. Rc3 Rd5+ 34. Ke2 b5 35. Re3+ Kf6 36. Rd3 Rc5 37. Rc3 Re5+ 38. Re3
Rc5 39. Rc3 Re5+ 40. Re3 Rc5 {#d} 1/2-1/2

[Event "National Chess Day"]
[Site "Boise, ID"]
[Date "2012.10.13"]
[Round "5.2"]
[White "Ruberry, Chip"]
[Black "Roland, Jeffrey T"]
[Result "1-0"]
[WhiteElo "1374"]
[BlackElo "1716"]

1. e4 e6 2. d4 d5 3. exd5 exd5 4. Nf3 Nf6 5. Bd3 Be7 6. Nc3 O-O 7. O-O c6 8.
Bf4 Bg4 9. h3 Bh5 10. Bf5 Bxf3 11. Qxf3 Qb6 12. Rfe1 Re8 13. Be5 Na6 14. b3
Qd8 15. a3 Bd6 16. b4 Bxe5 17. dxe5 Nd7 18. e6 fxe6 19. Rxe6 Rxe6 20. Bxe6+
Kh8 21. Nxd5 cxd5 22. Qxd5 Qf6 23. Rd1 Nc7 24. Qxd7 Nxe6 25. Rd6 Qa1+ 26. Kh2
Qe5+ 27. g3 Nf8 28. Qxb7 Re8 29. Ra6 Re7 30. Qa8 Kg8 31. Rxa7 Re8 32. Qb7 Ne6
33. Qf7+ {#r} 1-0

[Event "National Chess Day"]
[Site "Boise, ID"]
[Date "2012.10.13"]
[Round "7.1"]
[White "Gorman, Cody Austin"]
[Black "Roland, Jeffrey T"]
[Result "1/2-1/2"]
[WhiteElo "1635"]
[BlackElo "1716"]

1. b3 e5 2. Bb2 Nc6 3. e3 Nf6 4. Bb5 d6 5. d4 exd4 6. Bxd4 Bd7 7. Nf3 Be7 8.
O-O O-O 9. Bb2 a6 10. Bd3 Re8 11. c4 Bf8 12. Nbd2 Ne5 13. Bc2 Bg4 14. h3 Nxf3+
15. Nxf3 Bh5 16. Bxf6 Qxf6 17. Qd4 Qe7 18. Nd2 Bg6 19. Bxg6 hxg6 20. Rfe1 Qe5
21. Qd5 c6 22. Qd3 Rad8 23. e4 Qf6 24. Rad1 d5 25. exd5 Rxe1+ 26. Rxe1 cxd5
27. cxd5 Bb4 28. Rd1 Qb2 29. Qb1 Qxb1 30. Nxb1 f5 31. Rd3 Rc8 32. d6 Bxd6 33.
Rxd6 Rc1+ 34. Kh2 Rxb1 35. Rxg6 Rb2 36. Rb6 Rxf2 37. a3 f4 38. Rxb7 Ra2 39.
Rb4 f3 40. Rg4 Rxa3 41. b4 fxg2 42. Rxg2 Rb3 43. Ra2 Rxb4 {#d} 1/2-1/2

[Event "Southern Idaho Open"]
[Site "Twin Falls, ID"]
[Date "2012.11.03"]
[Round "1.5"]
[White "Kardzhyan, Vahan"]
[Black "Roland, Jeffrey T"]
[Result "0-1"]
[WhiteElo "1099"]
[BlackElo "1700"]

1. e4 e5 2. Nf3 Nc6 3. Bb5 a6 4. Ba4 d6 5. Bxc6+ bxc6 6. Nc3 Nf6 7. d4 exd4 8.
Nxd4 Bd7 9. O-O Be7 10. b4 O-O 11. Bf4 Re8 12. Qd3 d5 13. exd5 cxd5 14. a3 c6
15. Nf5 Bf8 16. Bd6 Bxf5 17. Qxf5 Bxd6 18. Rad1 Qe7 19. Rfe1 Qxe1+ {#R} 0-1

[Event "Southern Idaho Open"]
[Site "Twin Falls, ID"]
[Date "2012.11.03"]
[Round "3.2"]
[White "Bartell, Fred"]
[Black "Roland, Jeffrey T"]
[Result "1-0"]
[WhiteElo "1675"]
[BlackElo "1700"]

1. c4 c5 2. Nc3 Nc6 3. Nf3 Nf6 4. d4 cxd4 5. Nxd4 g6 6. Bg5 Bg7 7. e3 O-O 8.
Be2 d6 9. Bf3 Bd7 10. O-O Qa5 11. Bh4 Ne5 12. Be2 Rac8 13. Qb3 Qb6 14. Qxb6
axb6 15. b3 Nc6 16. Rad1 Kh8 17. Nd5 Nxd4 18. exd4 Nxd5 19. cxd5 Rfe8 20. Rfe1
Rc2 21. a4 Rb2 22. Bc4 e6 23. dxe6 fxe6 24. Re2 Bxd4 25. Rxb2 Bxb2 26. Rxd6
Bc6 27. Rxe6 Rf8 28. f3 Rf4 29. Bf2 Rxc4 30. bxc4 Bxa4 31. Rxb6 Be5 32. Rxb7
Bc6 33. Rb6 Bd7 34. c5 {#r} 1-0

[Event "Southern Idaho Open"]
[Site "Twin Falls, ID"]
[Date "2012.11.03"]
[Round "4.3"]
[White "Roland, Jeffrey T"]
[Black "Mathur, Abhinav"]
[Result "1/2-1/2"]
[WhiteElo "1700"]
[BlackElo "1579"]

1. e4 c5 2. Nc3 Nc6 3. d3 e6 4. f4 Nge7 5. Nf3 d5 6. g3 dxe4 7. Nxe4 Nf5 8.
Bg2 c4 9. O-O cxd3 10. c3 b6 11. g4 Nfe7 12. Nf2 Bb7 13. Qxd3 Qxd3 14. Nxd3
Nd5 15. Kh1 Rb8 16. Re1 Be7 17. Bd2 O-O 18. Rad1 h6 19. a3 Na5 20. Nde5 Rfd8
21. c4 Nf6 22. b4 Nc6 23. g5 Nd7 24. Bc3 Ncxe5 25. Nxe5 Bxg2+ 26. Kxg2 Nxe5
27. Bxe5 Rbc8 28. gxh6 gxh6 29. Kf3 f6 30. Rg1+ Kf7 31. Rxd8 Rxd8 32. Bb2 Rd2
33. Rg2 Rxg2 34. Kxg2 Kg6 35. Kf3 Kf5 36. Bd4 Bd6 37. Be3 h5 38. h3 e5 39.
fxe5 fxe5 40. c5 e4+ 41. Ke2 bxc5 42. bxc5 Bc7 43. Bd4 a6 44. h4 Ke6 45. Ke3
Kd5 46. Bf6 Ke6 47. Bg5 Kd5 48. Be7 Bb8 49. Bf8 Be5 50. Be7 Bd4+ 51. Kf4 e3
52. Kf3 Ke5 53. c6 Ke6 54. Bg5 Bc5 55. a4 Kd6 56. Bxe3 Kxc6 57. Bd2 Bd6 58.
Ke4 Kc5 59. Kf5 Bg3 60. Bg5 Kb4 61. Kg6 Kxa4 62. Kxh5 Kb4 63. Kg6 a5 64. Bd2+
Kb5 65. Bxa5 Kxa5 66. h5 Be5 67. h6 {#d} 1/2-1/2

[Event "WIO (Open)"]
[Site "Boise, ID"]
[Date "2012.12.08"]
[Round "1.9"]
[White "Puderbaugh, Kory"]
[Black "Roland, Jeffrey T"]
[Result "0-1"]
[WhiteElo "1359"]
[BlackElo "1700"]

1. d4 Nf6 2. c4 g6 3. Nc3 d5 4. Nf3 Bg7 5. g3 dxc4 6. Bg2 c6 7. a4 O-O 8. Ne5
Be6 9. O-O Nd5 10. Ne4 Na6 11. Ng5 Ndc7 12. Nef3 h6 13. Ne4 Bg4 14. e3 Qd7 15.
Qe2 b5 16. Rd1 Rfd8 17. Bd2 Qe6 18. Nc5 Nxc5 19. dxc5 Bxb2 {#R} 0-1

[Event "WIO (Open)"]
[Site "Boise, ID"]
[Date "2012.12.08"]
[Round "2.2"]
[White "Roland, Jeffrey T"]
[Black "Raptis, Nick"]
[Result "0-1"]
[WhiteElo "1700"]
[BlackElo "2349"]

1. d4 Nf6 2. c4 g6 3. Nc3 Bg7 4. e4 d6 5. f3 O-O 6. Be3 e5 7. Qd2 exd4 8. Bxd4
Nc6 9. Be3 Re8 10. O-O-O Be6 11. Nd5 Bxd5 12. cxd5 Ne5 13. Bb5 c6 14. Be2 cxd5
15. Kb1 dxe4 16. f4 Neg4 17. Bd4 e3 {#R} 0-1